अभावों में भाव / (Record no. 11529)

MARC details
000 -LEADER
fixed length control field 01087 a2200217 4500
005 - DATE AND TIME OF LATEST TRANSACTION
control field 20080825150249.0
008 - FIXED-LENGTH DATA ELEMENTS--GENERAL INFORMATION
fixed length control field 080825t xxu||||| |||| 00| 0 hin d
010 ## - LIBRARY OF CONGRESS CONTROL NUMBER
LC control number HIN-83033
020 ## - INTERNATIONAL STANDARD BOOK NUMBER
Terms of availability 80.00
International Standard Book Number 8175253509
035 ## - SYSTEM CONTROL NUMBER
System control number HN-55379
037 ## - SOURCE OF ACQUISITION
Source of stock number/acquisition पु.प्र.अ.प्र/प्रका
082 ## - DEWEY DECIMAL CLASSIFICATION NUMBER
Classification number 821.08
100 ## - MAIN ENTRY--PERSONAL NAME
Personal name बैनीवाल, विकेश
245 ## - TITLE STATEMENT
Title अभावों में भाव /
Statement of responsibility, etc विकेश बैनीवाल
246 ## - VARYING FORM OF TITLE
Title proper/short title Abhavon mein Bhav
Remainder of title by Vikesh Baaneval
260 ## - PUBLICATION, DISTRIBUTION, ETC. (IMPRINT)
Place of publication, distribution, etc मथुरा
Name of publisher, distributor, etc यशदीप प्रकाशन
Date of publication, distribution, etc 2002
270 ## - ADDRESS
Address ग्राम व पोस्ट-कामर तहसील-छाता
City मथुरा
Postal code 281403
State or province (उ.प्र.)
300 ## - PHYSICAL DESCRIPTION
Extent 192पृ
Dimensions 22सेमी (अजिल्द)
942 ## - ADDED ENTRY ELEMENTS (KOHA)
Institution code [OBSOLETE] dpl
Koha item type Hindi Books
Call number prefix 821.08 / बैनीवा
Source of classification or shelving scheme Dewey Decimal Classification
Classification part 821.08
Call number suffix बैनीवा
Holdings
Withdrawn status Lost status Damaged status Not for loan Home library Current library Date acquired Cost, normal purchase price Total Checkouts Full call number Barcode Date last seen Copy number Uniform Resource Identifier Cost, replacement price Price effective from Koha item type
        D.B.Act.Division D.B.Act.Division   80.00   821.08 बैनीवा HN-55379 15/09/2008 1.00 12643 80.00 15/09/2008 Hindi Books

© Delhi Public Library
Hit Counter
free hit counter